Rank NBA Teams by Total Playoff Wins - Statistics

General Stats
  • This quiz has been taken 560 times
    189 since last reset
  • The average score is 16 of 30
Answer Stats
GP W Answer % Correct
1 777 466 Los Angeles Lakers
100%
2 719 407 Boston Celtics
99%
4 403 222 San Antonio Spurs
81%
5 384 212 Golden State Warriors
76%
3 482 249 Philadelphia 76ers
76%
6 391 193 New York Knicks
69%
8 349 187 Chicago Bulls
67%
7 370 189 Detroit Pistons
63%
11 290 162 Miami Heat
54%
10 331 164 Oklahoma City Thunder
54%
9 390 170 Atlanta Hawks
53%
13 322 158 Houston Rockets
52%
30 58 20 Minnesota Timberwolves
50%
12 320 160 Phoenix Suns
50%
28 63 23 Charlotte Hornets
47%
29 55 22 New Orleans Pelicans
47%
14 306 150 Milwaukee Bucks
46%
23 171 70 Brooklyn Nets
45%
24 147 64 Los Angeles Clippers
45%
27 98 38 Memphis Grizzlies
45%
22 194 83 Sacramento Kings
45%
18 241 115 Indiana Pacers
44%
25 133 59 Orlando Magic
44%
15 292 135 Utah Jazz
44%
19 227 105 Dallas Mavericks
43%
20 237 99 Washington Wizards
43%
21 230 98 Denver Nuggets
42%
16 234 126 Cleveland Cavaliers
41%
17 274 119 Portland Trail Blazers
41%
26 123 57 Toronto Raptors
38%
No matching quizzes found
Score Distribution
Percent of People with Each Score
Percentile by Number Answered
Your Score History
You have not taken this quiz since the last reset